[Event "Stay Safe Play From Home 395"]
[Site "Emanuel Lasker Arena"]
[Date "2020.08.19"]
[Round "1"]
[White "Tran Minh Thang"]
[Black "Fat Kevin"]
[Result "1-0"]
[WhiteElo "2459"]
[BlackElo "2045"]
[PlyCount "57"]
[EventDate "2020.08.19"]
[EventType "swiss (blitz)"]

1. d4 {[%emt 0:00:02]} c6 {[%emt 0:00:00]} 2. Nf3 {[%emt 0:00:01]} d5 {[%emt 0:00:00]} 3. c4 {[%emt 0:00:00]} Nf6 {[%emt 0:00:00]} 4. Nc3 {[%emt 0:00:00]} g6 {[%emt 0:00:01]} 5. g3 {[%emt 0:00:01]} Bg7 {[%emt 0:00:00]} 6. Bg2 {[%emt 0:00:00]} O-O {[%emt 0:00:00]} 7. O-O {[%emt 0:00:01]} Bf5 {[%emt 0:00:03]} 8. b3 {[%emt 0:00:01]} h5 {[%emt 0:00:02]} 9. Bb2 {[%emt 0:00:00]} Ne4 {[%emt 0:00:02]} 10. e3 {[%emt 0:00:01]} e6 {[%emt 0:00:01]} 11. Nh4 {[%emt 0:00:02]} Nd7 {[%emt 0:00:01]} 12. Nxe4 {[%emt 0:00:06]} Bxe4 {[%emt 0:00:02]} 13. f3 {[%emt 0:00:01]} Bf5 {[%emt 0:00:03]} 14. Nxf5 {[%emt 0:00:04]} exf5 {[%emt 0:00:01]} 15. e4 {[%emt 0:00:02]} fxe4 {[%emt 0:00:03]} 16. fxe4 {[%emt 0:00:00]} dxe4 {[%emt 0:00:05]} 17. Bxe4 {[%emt 0:00:00]} c5 {[%emt 0:00:10]} 18. Bxb7 {[%emt 0:00:03]} Rb8 {[%emt 0:00:01]} 19. Bd5 {[%emt 0:00:01]} Nb6 {[%emt 0:00:02]} 20. Qf3 {[%emt 0:00:04]} cxd4 {[%emt 0:00:01]} 21. Rad1 {[%emt 0:00:04]} Nxd5 {[%emt 0:00:05]} 22. cxd5 {[%emt 0:00:01]} Qb6 {[%emt 0:00:01]} 23. Qd3 {[%emt 0:00:01]} Rbd8 {[%emt 0:00:02]} 24. Bxd4 {[%emt 0:00:01]} Qd6 {[%emt 0:00:06]} 25. Bxg7 {[%emt 0:00:01]} Kxg7 {[%emt 0:00:00]} 26. Qd4+ {[%emt 0:00:01]} Kh7 {[%emt 0:00:01]} 27. Rf6 {[%emt 0:00:01]} Rd7 {[%emt 0:00:00]} 28. Rxd6 {[%emt 0:00:01]} Rxd6 {[%emt 0:00:00]} 29. Rf1 {[%emt 0:00:00] Fat Kevin gibt auf Fat Kevin gibt auf Fat Kevin gibt auf (Lag: Av=0.67s, max=1.1s) (Lag: Av=0.67s, max=1.1s) (Lag: Av=0.67s, max=1.1s)} 1-0

[Event "Stay Safe Play From Home 395"]
[Site "Emanuel Lasker Arena"]
[Date "2020.08.19"]
[Round "1"]
[White "Lamborghini"]
[Black "Mepe_Nika"]
[Result "1-0"]
[WhiteElo "2333"]
[BlackElo "2343"]
[PlyCount "103"]
[EventDate "2020.08.19"]
[EventType "swiss (blitz)"]

1. e4 {[%emt 0:00:05]} c6 {[%emt 0:00:01]} 2. d4 {[%emt 0:00:01]} d5 {[%emt 0:00:00]} 3. Nc3 {[%emt 0:00:01]} dxe4 {[%emt 0:00:00]} 4. Nxe4 {[%emt 0:00:00]} Nf6 {[%emt 0:00:01]} 5. Nxf6+ {[%emt 0:00:01]} exf6 {[%emt 0:00:00]} 6. Bc4 {[%emt 0:00:01]} Bd6 {[%emt 0:00:01]} 7. Qe2+ {[%emt 0:00:01]} Qe7 {[%emt 0:00:01]} 8. Qxe7+ {[%emt 0:00:01]} Bxe7 {[%emt 0:00:00]} 9. Ne2 {[%emt 0:00:00]} Be6 {[%emt 0:00:01]} 10. Bd3 {[%emt 0:00:02]} Nd7 {[%emt 0:00:01]} 11. Bf4 {[%emt 0:00:00]} O-O {[%emt 0:00:01]} 12. O-O-O {[%emt 0:00:01]} Rfe8 {[%emt 0:00:01]} 13. b3 {[%emt 0:00:02]} a5 {[%emt 0:00:01]} 14. a4 {[%emt 0:00:02]} Nb6 {[%emt 0:00:01]} 15. Kb2 {[%emt 0:00:01]} Nd5 {[%emt 0:00:01]} 16. Bd2 {[%emt 0:00:01]} b6 {[%emt 0:00:05]} 17. c3 {[%emt 0:00:01]} Reb8 {[%emt 0:00:02]} 18. Nf4 {[%emt 0:00:01]} b5 {[%emt 0:00:03]} 19. Nxe6 {[%emt 0:00:01]} fxe6 {[%emt 0:00:00]} 20. axb5 {[%emt 0:00:01]} cxb5 {[%emt 0:00:01]} 21. Rhe1 {[%emt 0:00:01]} Kf7 {[%emt 0:00:01]} 22. Be4 {[%emt 0:00:02]} a4 {[%emt 0:00:02]} 23. b4 {[%emt 0:00:01]} Ra7 {[%emt 0:00:02]} 24. Bd3 {[%emt 0:00:03]} Nc7 {[%emt 0:00:03]} 25. g4 {[%emt 0:00:01]} h6 {[%emt 0:00:01]} 26. f4 {[%emt 0:00:01]} Rb6 {[%emt 0:00:01]} 27. f5 {[%emt 0:00:01]} Rc6 {[%emt 0:00:02]} 28. Be4 {[%emt 0:00:01]} Rd6 {[%emt 0:00:01]} 29. Bf4 {[%emt 0:00:01]} Rb6 {[%emt 0:00:03]} 30. Bxc7 {[%emt 0:00:01]} Rxc7 {[%emt 0:00:00]} 31. fxe6+ {[%emt 0:00:00]} Kf8 {[%emt 0:00:01]} 32. Bf5 {[%emt 0:00:03]} Bd6 {[%emt 0:00:01]} 33. h4 {[%emt 0:00:02]} Rbc6 {[%emt 0:00:01]} 34. Rd3 {[%emt 0:00:02]} Ke7 {[%emt 0:00:01]} 35. Ree3 {[%emt 0:00:01]} Bf4 {[%emt 0:00:01]} 36. Rf3 {[%emt 0:00:01]} Bd6 {[%emt 0:00:03]} 37. h5 {[%emt 0:00:00]} Ra6 {[%emt 0:00:03]} 38. Ka3 {[%emt 0:00:01]} Rac6 {[%emt 0:00:01]} 39. Be4 {[%emt 0:00:00]} Rb6 {[%emt 0:00:02]} 40. Bd5 {[%emt 0:00:01]} Rc8 {[%emt 0:00:01]} 41. g5 {[%emt 0:00:00]} hxg5 {[%emt 0:00:01]} 42. h6 {[%emt 0:00:01]} gxh6 {[%emt 0:00:00]} 43. Rf5 {[%emt 0:00:01]} Rh8 {[%emt 0:00:02]} 44. Rdf3 {[%emt 0:00:00]} Rf8 {[%emt 0:00:01]} 45. Bc4 {[%emt 0:00:01]} Bf4 {[%emt 0:00:01]} 46. Rxb5 {[%emt 0:00:01]} Rh8 {[%emt 0:00:00]} 47. Rxb6 {[%emt 0:00:01]} Kd8 {[%emt 0:00:03]} 48. Rb7 {[%emt 0:00:00]} Kc8 {[%emt 0:00:01]} 49. Rd7 {[%emt 0:00:00]} Re8 {[%emt 0:00:00]} 50. Ba6+ {[%emt 0:00:00]} Kb8 {[%emt 0:00:01]} 51. Rxf4 {[%emt 0:00:00]} Ka8 {[%emt 0:00:00]} 52. Ra7+ {[%emt 0:00:01] Time Time Time (Lag: Av=0.46s, max=0.9s) (Lag: Av=0.46s, max=0.9s) (Lag: Av=0.46s, max=0.9s)} 1-0

[Event "Stay Safe Play From Home 395"]
[Site "Emanuel Lasker Arena"]
[Date "2020.08.19"]
[Round "1"]
[White "Hickey"]
[Black "NTBT_DHS"]
[Result "0-1"]
[WhiteElo "2240"]
[BlackElo "2544"]
[Annotator "TA"]
[PlyCount "82"]
[EventDate "2020.08.19"]
[EventType "swiss (blitz)"]

{[%evp 12,82,30,3,35,35,55,50,61,50,50,45,108,104,112,-7,0,2,10,0,6,0,25,6,9,8,30,-11,17,-5,-2,-17,-8,-132,-103,-125,-131,-141,-129,-136,-136,-140,-152,-158,-106,-180,0,0,0,-124,-26,-74,0,-85,-10,-247,-207,-206,-210,-216,-220,-265,-272,-497,-490,-719,-403,-396,-396,-396,-396,-396,-394]} 1. Nf3 g6 2. b3 Bg7 3. d4 Nf6 4. Bb2 O-O 5. c4 d5 6. e3 c6 7. Nc3 a5 {A11: English Opening: 1...c6.} 8. Be2 Na6 9. O-O Bf5 {White is slightly better.} 10. a3 Re8 {[#]} 11. Ne5 $146 ({Predecessor:} 11. h3 h5 12. Rc1 Nc7 13. Nh4 Bc8 14. f4 e6 15. Nf3 Nh7 16. Ne5 Nf8 17. Bd3 {1-0 (53) Reta,M (2149)-Garcia,C Posadas 2005}) 11... Nd7 (11... h5 $14) 12. Nxd7 $16 ({Much worse is} 12. cxd5 $6 Nxe5 13. f4 Nc7 $11) 12... Qxd7 13. Bd3 (13. cxd5 $16 Qd6 14. e4) 13... Bxd3 14. Qxd3 Rad8 15. Rfd1 e6 16. Rac1 Nc7 {[%cal Ba6c7,Bc7b5,Bb5d6,Bd6c4,Bc4b2][%mdl 32]} 17. Ne2 Qe7 18. Qc3 b6 19. c5 Nb5 20. Qd2 bxc5 21. Rxc5 Qb7 22. Nc3 (22. Rc2 $11) 22... Nd6 $17 23. Qc2 Rb8 24. Na4 Qxb3 {Strongly threatening ...Nc4.} 25. Rxc6 {Black must now prevent Qxb3.} Nc4 26. Qxb3 Rxb3 27. Bc1 Rb1 (27... Nxa3 $142 28. Nb6 Nb1) 28. Nc5 {[#]} (28. Nc3 $17 Rb3 29. Na4) 28... Nb2 $2 (28... Nxa3 $1 $19 {[%mdl 512] Threatens to win with ...Nc4.} 29. Kf1 (29. Bxa3 Rxd1#) 29... Nc4) 29. Rf1 $11 {aiming for Rb6.} Nc4 $36 {[%mdl 2048] Black has good play.} 30. g3 (30. Rd1 $1 $11 {keeps the balance.}) 30... Bf8 (30... h5 $17 31. Nd7 Ra1) 31. Kg2 Reb8 ({Better is} 31... Rb6 $17 32. Rxb6 Nxb6) 32. a4 (32. Nd7 $11 {remains equal.}) 32... Ra1 ({Black should play} 32... Bxc5 $17 33. dxc5 Kg7) 33. Nd3 $2 {This costs White the game.} (33. Nd7 $11 {and White has nothing to worry.} Rbb1 34. Rc8) 33... Rb3 ({Don't do} 33... Rxa4 34. Re1) 34. Ne5 Nxe5 ({Don't play} 34... Rxa4 35. Nd7 $17) 35. dxe5 Rxa4 36. Rc7 Rc4 37. Rxc4 $2 (37. Ra7 {is a better defense.}) 37... dxc4 $19 38. Bd2 (38. Kf3 $142 a4 39. Re1) 38... a4 {...c3 is the strong threat.} 39. Rc1 {Black is winning.} a3 {[%cal Ba4a3,Ba3a2][%mdl 32]} 40. Rxc4 a2 41. Ra4 {[#]} Ba3 $1 {Accuracy: White = 52%, Black = 63%.} 0-1

[Event "Stay Safe Play From Home 395"]
[Site "Emanuel Lasker Arena"]
[Date "2020.08.19"]
[Round "1"]
[White "MihailoVujic"]
[Black "Padmaesh M K"]
[Result "1-0"]
[WhiteElo "2081"]
[BlackElo "1918"]
[PlyCount "27"]
[EventDate "2020.08.19"]
[EventType "swiss (blitz)"]

1. d4 {[%emt 0:00:01]} e6 {[%emt 0:00:01]} 2. c4 {[%emt 0:00:00]} d5 {[%emt 0:00:00]} 3. Nc3 {[%emt 0:00:00]} Nf6 {[%emt 0:00:01]} 4. Bg5 {[%emt 0:00:00]} c6 {[%emt 0:00:05]} 5. Nf3 {[%emt 0:00:02]} dxc4 {[%emt 0:00:01]} 6. e4 {[%emt 0:00:01]} Bb4 {[%emt 0:00:01]} 7. e5 {[%emt 0:00:01]} Qa5 {[%emt 0:00:01]} 8. exf6 {[%emt 0:00:02]} Bxc3+ {[%emt 0:00:01]} 9. bxc3 {[%emt 0:00:00]} Qxc3+ {[%emt 0:00:01]} 10. Nd2 {[%emt 0:00:01]} Qxd4 {[%emt 0:00:04]} 11. fxg7 {[%emt 0:00:02]} Qxg7 {[%emt 0:00:01]} 12. Ne4 {[%emt 0:00:04]} f5 {[%emt 0:00:12]} 13. Nd6+ {[%emt 0:00:08]} Kd7 {[%emt 0:00:02]} 14. Nxf5+ {[%emt 0:00:02] Padmaesh M K resigns Padmaesh M K resigns Padmaesh M K resigns (Lag: Av=0.56s, max=0.7s) (Lag: Av=0.56s, max=0.7s) (Lag: Av=0.56s, max=0.7s)} 1-0

[Event "Stay Safe Play From Home 395"]
[Site "Emanuel Lasker Arena"]
[Date "2020.08.19"]
[Round "1"]
[White "theCHESSHOUSE"]
[Black "IceQueen"]
[Result "0-1"]
[WhiteElo "2000"]
[BlackElo "2395"]
[PlyCount "74"]
[EventDate "2020.08.19"]
[EventType "swiss (blitz)"]

1. d4 {[%emt 0:00:02]} c5 {[%emt 0:00:00]} 2. d5 {[%emt 0:00:04]} Nf6 {[%emt 0:00:00]} 3. c4 {[%emt 0:00:04]} e6 {[%emt 0:00:00]} 4. Nc3 {[%emt 0:00:01]} exd5 {[%emt 0:00:00]} 5. cxd5 {[%emt 0:00:00]} d6 {[%emt 0:00:00]} 6. Nf3 {[%emt 0:00:01]} Be7 {[%emt 0:00:00]} 7. g3 {[%emt 0:00:00]} Bg4 {[%emt 0:00:01]} 8. Bg2 {[%emt 0:00:00]} Bxf3 {[%emt 0:00:01]} 9. Bxf3 {[%emt 0:00:00]} O-O {[%emt 0:00:00]} 10. O-O {[%emt 0:00:00]} a6 {[%emt 0:00:00]} 11. a4 {[%emt 0:00:01]} Nbd7 {[%emt 0:00:01]} 12. Be3 {[%emt 0:00:01]} Re8 {[%emt 0:00:00]} 13. Kg2 {[%emt 0:00:01]} Bf8 {[%emt 0:00:00]} 14. h3 {[%emt 0:00:00]} Ne5 {[%emt 0:00:00]} 15. Qd2 {[%emt 0:00:02]} Nc4 {[%emt 0:00:01]} 16. Qc1 {[%emt 0:00:01]} Nxe3+ {[%emt 0:00:01]} 17. fxe3 {[%emt 0:00:00]} Qe7 {[%emt 0:00:00]} 18. e4 {[%emt 0:00:01]} Nd7 {[%emt 0:00:01]} 19. e3 {[%emt 0:00:02]} g6 {[%emt 0:00:01]} 20. b3 {[%emt 0:00:02]} Bg7 {[%emt 0:00:01]} 21. Ra2 {[%emt 0:00:01]} Ne5 {[%emt 0:00:01]} 22. Raf2 {[%emt 0:00:02]} Nd3 {[%emt 0:00:01]} 23. Qc2 {[%emt 0:00:01]} Nxf2 {[%emt 0:00:00]} 24. Rxf2 {[%emt 0:00:01]} Qe5 {[%emt 0:00:01]} 25. Nd1 {[%emt 0:00:01]} h5 {[%emt 0:00:01]} 26. h4 {[%emt 0:00:01]} b5 {[%emt 0:00:01]} 27. a5 {[%emt 0:00:01]} Rac8 {[%emt 0:00:02]} 28. Qa2 {[%emt 0:00:04]} c4 {[%emt 0:00:01]} 29. bxc4 {[%emt 0:00:01]} Rxc4 {[%emt 0:00:00]} 30. Re2 {[%emt 0:00:04]} Rec8 {[%emt 0:00:01]} 31. Nf2 {[%emt 0:00:01]} Rc3 {[%emt 0:00:03]} 32. Re1 {[%emt 0:00:01]} Bh6 {[%emt 0:00:01]} 33. Qb2 {[%emt 0:00:04]} Bxe3 {[%emt 0:00:02]} 34. Qb4 {[%emt 0:00:02]} Bc5 {[%emt 0:00:01]} 35. Qb2 {[%emt 0:00:02]} Rxf3 {[%emt 0:00:03]} 36. Qxe5 {[%emt 0:00:01]} Rxf2+ {[%emt 0:00:00]} 37. Kh3 {[%emt 0:00:01]} dxe5 {[%emt 0:00:00] theCHESSHOUSE resigns theCHESSHOUSE resigns theCHESSHOUSE resigns (Lag: Av=0.63s, max=1.0s) (Lag: Av=0.63s, max=1.0s) (Lag: Av=0.63s, max=1.0s)} 0-1

[Event "Stay Safe Play From Home 395"]
[Site "Emanuel Lasker Arena"]
[Date "2020.08.19"]
[Round "1"]
[White "Riddhi Khanna"]
[Black "AChessPlayer"]
[Result "0-1"]
[WhiteElo "1360"]
[BlackElo "2387"]
[PlyCount "48"]
[EventDate "2020.08.19"]
[EventType "swiss (blitz)"]

1. e4 {[%emt 0:00:01]} d6 {[%emt 0:00:03]} 2. d4 {[%emt 0:00:03]} Nf6 {[%emt 0:00:01]} 3. Nc3 {[%emt 0:00:02]} Nbd7 {[%emt 0:00:00]} 4. d5 {[%emt 0:00:02]} c6 {[%emt 0:00:02]} 5. dxc6 {[%emt 0:00:02]} bxc6 {[%emt 0:00:01]} 6. Bg5 {[%emt 0:00:03]} g6 {[%emt 0:00:01]} 7. Bxf6 {[%emt 0:00:01]} Nxf6 {[%emt 0:00:01]} 8. Nf3 {[%emt 0:00:01]} Bg7 {[%emt 0:00:01]} 9. Bd3 {[%emt 0:00:02]} O-O {[%emt 0:00:01]} 10. O-O {[%emt 0:00:01]} e5 {[%emt 0:00:00]} 11. h3 {[%emt 0:00:02]} Re8 {[%emt 0:00:00]} 12. b4 {[%emt 0:00:04]} Nd7 {[%emt 0:00:00]} 13. a3 {[%emt 0:00:03]} a5 {[%emt 0:00:01]} 14. bxa5 {[%emt 0:00:02]} Nc5 {[%emt 0:00:01]} 15. a6 {[%emt 0:00:05]} d5 {[%emt 0:00:03]} 16. exd5 {[%emt 0:00:02]} cxd5 {[%emt 0:00:00]} 17. Re1 {[%emt 0:00:04]} e4 {[%emt 0:00:04]} 18. Bxe4 {[%emt 0:00:03]} dxe4 {[%emt 0:00:08]} 19. Qxd8 {[%emt 0:00:02]} Rxd8 {[%emt 0:00:00]} 20. Nxe4 {[%emt 0:00:03]} Nxe4 {[%emt 0:00:01]} 21. Rxe4 {[%emt 0:00:02]} Bxa1 {[%emt 0:00:01]} 22. Rc4 {[%emt 0:00:03]} Bxa6 {[%emt 0:00:01]} 23. Rc6 {[%emt 0:00:03]} Bb7 {[%emt 0:00:01]} 24. Rb6 {[%emt 0:00:02]} Bxf3 {[%emt 0:00:00] TimeW TimeW TimeW} 0-1

[Event "Stay Safe Play From Home 395"]
[Site "Emanuel Lasker Arena"]
[Date "2020.08.19"]
[Round "2"]
[White "NTBT_DHS"]
[Black "MihailoVujic"]
[Result "0-1"]
[WhiteElo "2549"]
[BlackElo "2090"]
[Annotator "TA"]
[PlyCount "70"]
[EventDate "2020.08.19"]
[EventType "swiss (blitz)"]

{[%evp 9,70,0,93,74,97,-54,44,-1921,-1924,-1913,-1866,-1809,-1735,-1720,-1710,-1847,-1830,-1828,-1789,-1764,-1772,-2119,-1718,-1841,-1806,-2199,-1708,-1754,-1707,-2262,-2241,-2551,-2209,-2584,-2612,-2485,-2043,-2666,-2664,-2608,-2475,-2750,-2696,-29991,-4359,-29992,-29993,-29993,-29994,-29996,-29992,-29992,-29993,-29995,-29996,-29996,-29997,-29998,-29999,-29999,-29998,-29999,-29999]} 1. e4 e5 2. f4 Nc6 3. Nf3 f5 4. Nc3 fxe4 5. Nxe5 {[#]} d5 $146 (5... Nf6 $11 {keeps the balance.}) ({Predecessor:} 5... Nf6 6. d4 d6 7. Nxc6 bxc6 8. Be2 d5 9. O-O Bd6 10. Be3 O-O 11. Na4 Rb8 12. a3 {1-0 (44) Raetsky,A (2425)-Vianin,P (2202) Leukerbad 2011}) 6. Qh5+ {C30: King's Gambit Declined.} g6 7. Nxg6 $2 ({White must play} 7. Nxc6 $16 {Qe5+ is the strong threat.} gxh5 8. Nxd8) 7... hxg6 (7... Nf6 $15 8. Qh4 Nd4 9. Nxh8 Nxc2+ {[%mdl 64] Double Attack} 10. Kd1 Nxa1) 8. Qh4 $2 {[%mdl 8192]} ({But not} 8. Qxg6+ Ke7 $17) (8. Qxh8 $14 Kf7 9. Qh7+ Bg7 10. Nd1) 8... Qxh4+ $19 9. g3 Qf6 10. Nxd5 Qf7 11. Ne3 Be6 12. b3 Bg7 13. c3 O-O-O 14. Bg2 Bf5 15. Ba3 Nge7 16. O-O-O Nd5 {Strongly threatening ...Nxe3.} 17. Nc4 Nb6 18. Ne3 Rhe8 19. h3 Be6 20. Kc2 a5 {[%cal Ba7a5,Ba5a4][%mdl 32]} 21. Rhf1 a4 22. Rb1 Rd7 23. g4 axb3+ 24. axb3 Red8 25. Rf2 Rd3 {aiming for ...Bxb3+!} 26. Nd1 {[#]} Na5 (26... Bxb3+ $142 $1 27. Rxb3 {[#]} Nd4+ $1 {[%mdl 512]} 28. cxd4 Qxb3+ {[%mdl 64] Double Attack} 29. Kc1 R8xd4 30. Nb2 Nc4 $1 {[%mdl 512]} 31. Na4 Nxa3 32. Nb6+ cxb6 33. h4 Rc4#) 27. c4 {[#]} Bxc4 $1 {[%mdl 64] Pin. Black mates.} 28. Bxe4 (28. bxc4 Qxc4+) 28... Bxb3+ 29. Kc1 R3d4 30. Nc3 {[#]} Qc4 $1 31. Bxg6 {[#]} Rxd2 $1 32. Bf5+ {[#]} (32. Rxd2 Qxc3+) 32... Kb8 $1 33. Rxd2 Qxc3+ {[%mdl 64] Double Attack} 34. Rc2 Bxc2 35. Bxc2 Qxa3+ {White got outplayed after the opening} 0-1

[Event "Stay Safe Play From Home 395"]
[Site "Emanuel Lasker Arena"]
[Date "2020.08.19"]
[Round "2"]
[White "IceQueen"]
[Black "Lamborghini"]
[Result "1-0"]
[WhiteElo "2398"]
[BlackElo "2351"]
[PlyCount "133"]
[EventDate "2020.08.19"]
[EventType "swiss (blitz)"]

1. e4 {[%emt 0:00:01]} c5 {[%emt 0:00:00]} 2. Nc3 {[%emt 0:00:00]} d6 {[%emt 0:00:00]} 3. Nf3 {[%emt 0:00:00]} Nf6 {[%emt 0:00:01]} 4. g3 {[%emt 0:00:00]} Nc6 {[%emt 0:00:02]} 5. Bg2 {[%emt 0:00:00]} Bd7 {[%emt 0:00:00]} 6. O-O {[%emt 0:00:00]} Qc8 {[%emt 0:00:00]} 7. Re1 {[%emt 0:00:01]} Bh3 {[%emt 0:00:01]} 8. Bh1 {[%emt 0:00:00]} g6 {[%emt 0:00:01]} 9. d4 {[%emt 0:00:01]} Bg4 {[%emt 0:00:01]} 10. e5 {[%emt 0:00:01]} dxe5 {[%emt 0:00:04]} 11. dxe5 {[%emt 0:00:00]} Nd7 {[%emt 0:00:01]} 12. e6 {[%emt 0:00:05]} Bxe6 {[%emt 0:00:02]} 13. Rxe6 {[%emt 0:00:01]} fxe6 {[%emt 0:00:01]} 14. Ng5 {[%emt 0:00:00]} Nf6 {[%emt 0:00:01]} 15. Qe2 {[%emt 0:00:01]} Nd4 {[%emt 0:00:01]} 16. Qd3 {[%emt 0:00:02]} Bg7 {[%emt 0:00:01]} 17. Nce4 {[%emt 0:00:06]} O-O {[%emt 0:00:01]} 18. c3 {[%emt 0:00:01]} Nf5 {[%emt 0:00:01]} 19. Be3 {[%emt 0:00:03]} c4 {[%emt 0:00:01]} 20. Qe2 {[%emt 0:00:01]} h6 {[%emt 0:00:04]} 21. Nxf6+ {[%emt 0:00:04]} exf6 {[%emt 0:00:01]} 22. Ne4 {[%emt 0:00:00]} Rd8 {[%emt 0:00:03]} 23. Re1 {[%emt 0:00:02]} Nxe3 {[%emt 0:00:01]} 24. Qxe3 {[%emt 0:00:00]} e5 {[%emt 0:00:00]} 25. h4 {[%emt 0:00:02]} Rd3 {[%emt 0:00:01]} 26. Qe2 {[%emt 0:00:01]} Qf5 {[%emt 0:00:01]} 27. Bg2 {[%emt 0:00:02]} Rad8 {[%emt 0:00:01]} 28. b3 {[%emt 0:00:01]} cxb3 {[%emt 0:00:01]} 29. axb3 {[%emt 0:00:01]} Qe6 {[%emt 0:00:00]} 30. Nc5 {[%emt 0:00:01]} Qd6 {[%emt 0:00:01]} 31. Nxd3 {[%emt 0:00:01]} Qxd3 {[%emt 0:00:00]} 32. Qg4 {[%emt 0:00:01]} h5 {[%emt 0:00:01]} 33. Qe6+ {[%emt 0:00:01]} Kh7 {[%emt 0:00:00]} 34. Be4 {[%emt 0:00:01]} Qd7 {[%emt 0:00:01]} 35. Qc4 {[%emt 0:00:02]} f5 {[%emt 0:00:01]} 36. Bg2 {[%emt 0:00:01]} e4 {[%emt 0:00:01]} 37. Bf1 {[%emt 0:00:01]} b5 {[%emt 0:00:01]} 38. Qb4 {[%emt 0:00:01]} a6 {[%emt 0:00:01]} 39. Qa5 {[%emt 0:00:01]} Qd2 {[%emt 0:00:01]} 40. Re2 {[%emt 0:00:02]} Qxc3 {[%emt 0:00:01]} 41. Qxa6 {[%emt 0:00:00]} Qd4 {[%emt 0:00:01]} 42. Qxb5 {[%emt 0:00:01]} Rd5 {[%emt 0:00:01]} 43. Qc4 {[%emt 0:00:01]} Qxc4 {[%emt 0:00:01]} 44. bxc4 {[%emt 0:00:00]} Rd1 {[%emt 0:00:01]} 45. Rc2 {[%emt 0:00:00]} Rc1 {[%emt 0:00:00]} 46. Rxc1 {[%emt 0:00:01]} Bd4 {[%emt 0:00:00]} 47. Rc2 {[%emt 0:00:00]} Kg7 {[%emt 0:00:01]} 48. c5 {[%emt 0:00:00]} Kf6 {[%emt 0:00:01]} 49. c6 {[%emt 0:00:00]} Be5 {[%emt 0:00:00]} 50. c7 {[%emt 0:00:00]} Bxc7 {[%emt 0:00:00]} 51. Rxc7 {[%emt 0:00:01]} g5 {[%emt 0:00:00]} 52. Rc6+ {[%emt 0:00:00]} Ke5 {[%emt 0:00:01]} 53. Ra6 {[%emt 0:00:00]} f4 {[%emt 0:00:00]} 54. hxg5 {[%emt 0:00:00]} fxg3 {[%emt 0:00:01]} 55. Ra5+ {[%emt 0:00:00]} Kf4 {[%emt 0:00:01]} 56. fxg3+ {[%emt 0:00:00]} Kf3 {[%emt 0:00:00]} 57. Bg2+ {[%emt 0:00:00]} Kxg3 {[%emt 0:00:01]} 58. g6 {[%emt 0:00:00]} e3 {[%emt 0:00:00]} 59. Ra3 {[%emt 0:00:00]} Kh4 {[%emt 0:00:01]} 60. Rxe3 {[%emt 0:00:00]} Kg5 {[%emt 0:00:01]} 61. g7 {[%emt 0:00:01]} h4 {[%emt 0:00:00]} 62. g8=Q+ {[%emt 0:00:00]} Kf4 {[%emt 0:00:00]} 63. Qh7 {[%emt 0:00:00]} Kxe3 {[%emt 0:00:01]} 64. Qxh4 {[%emt 0:00:00]} Kd2 {[%emt 0:00:00]} 65. Qh3 {[%emt 0:00:00]} Ke1 {[%emt 0:00:01]} 66. Qf3 {[%emt 0:00:00]} Kd2 {[%emt 0:00:00]} 67. Qf2+ {[%emt 0:00:01] Zeit Zeit Zeit (Lag: Av=0.39s, max=1.1s) (Lag: Av=0.39s, max=1.1s) (Lag: Av=0.39s, max=1.1s)} 1-0

[Event "Stay Safe Play From Home 395"]
[Site "Emanuel Lasker Arena"]
[Date "2020.08.19"]
[Round "2"]
[White "AChessPlayer"]
[Black "Tran Minh Thang"]
[Result "0-1"]
[WhiteElo "2387"]
[BlackElo "2462"]
[PlyCount "124"]
[EventDate "2020.08.19"]
[EventType "swiss (blitz)"]

1. d4 {[%emt 0:00:01]} Nf6 {[%emt 0:00:01]} 2. Bf4 {[%emt 0:00:00]} e6 {[%emt 0:00:03]} 3. e3 {[%emt 0:00:01]} b6 {[%emt 0:00:00]} 4. Nf3 {[%emt 0:00:01]} Bb7 {[%emt 0:00:00]} 5. Bd3 {[%emt 0:00:01]} d5 {[%emt 0:00:02]} 6. Nbd2 {[%emt 0:00:00]} Nbd7 {[%emt 0:00:00]} 7. Ne5 {[%emt 0:00:01]} Ne4 {[%emt 0:00:01]} 8. f3 {[%emt 0:00:02]} Nxd2 {[%emt 0:00:01]} 9. Qxd2 {[%emt 0:00:00]} Bd6 {[%emt 0:00:01]} 10. Bb5 {[%emt 0:00:01]} Bxe5 {[%emt 0:00:02]} 11. Bxe5 {[%emt 0:00:01]} O-O {[%emt 0:00:00]} 12. Bg3 {[%emt 0:00:02]} a6 {[%emt 0:00:03]} 13. Bd3 {[%emt 0:00:01]} c5 {[%emt 0:00:01]} 14. c3 {[%emt 0:00:00]} Qe7 {[%emt 0:00:00]} 15. O-O {[%emt 0:00:01]} e5 {[%emt 0:00:00]} 16. Rae1 {[%emt 0:00:01]} e4 {[%emt 0:00:01]} 17. fxe4 {[%emt 0:00:02]} dxe4 {[%emt 0:00:00]} 18. Bc4 {[%emt 0:00:00]} Kh8 {[%emt 0:00:01]} 19. Qf2 {[%emt 0:00:02]} f6 {[%emt 0:00:02]} 20. Qf4 {[%emt 0:00:01]} b5 {[%emt 0:00:01]} 21. Bb3 {[%emt 0:00:01]} c4 {[%emt 0:00:01]} 22. Bc2 {[%emt 0:00:00]} Nb6 {[%emt 0:00:00]} 23. h4 {[%emt 0:00:06]} Nd5 {[%emt 0:00:01]} 24. Qd6 {[%emt 0:00:01]} Rfe8 {[%emt 0:00:02]} 25. Qxe7 {[%emt 0:00:01]} Rxe7 {[%emt 0:00:00]} 26. h5 {[%emt 0:00:01]} g6 {[%emt 0:00:01]} 27. h6 {[%emt 0:00:01]} f5 {[%emt 0:00:00]} 28. Bh4 {[%emt 0:00:01]} Re6 {[%emt 0:00:07]} 29. Bg5 {[%emt 0:00:00]} Kg8 {[%emt 0:00:01]} 30. Kh2 {[%emt 0:00:01]} a5 {[%emt 0:00:01]} 31. a3 {[%emt 0:00:01]} b4 {[%emt 0:00:01]} 32. axb4 {[%emt 0:00:00]} axb4 {[%emt 0:00:00]} 33. Ra1 {[%emt 0:00:00]} b3 {[%emt 0:00:02]} 34. Rxa8+ {[%emt 0:00:02]} Bxa8 {[%emt 0:00:00]} 35. Bd1 {[%emt 0:00:09]} Bc6 {[%emt 0:00:08]} 36. Be2 {[%emt 0:00:01]} Bb5 {[%emt 0:00:00]} 37. Ra1 {[%emt 0:00:00]} Ra6 {[%emt 0:00:01]} 38. Rxa6 {[%emt 0:00:01]} Bxa6 {[%emt 0:00:00]} 39. g4 {[%emt 0:00:01]} Nb6 {[%emt 0:00:03]} 40. gxf5 {[%emt 0:00:01]} gxf5 {[%emt 0:00:00]} 41. Be7 {[%emt 0:00:02]} Na4 {[%emt 0:00:01]} 42. Ba3 {[%emt 0:00:00]} Kf7 {[%emt 0:00:00]} 43. Kg3 {[%emt 0:00:00]} Kg6 {[%emt 0:00:00]} 44. Kf4 {[%emt 0:00:00]} Bc8 {[%emt 0:00:01]} 45. d5 {[%emt 0:00:00]} Nb6 {[%emt 0:00:01]} 46. Ke5 {[%emt 0:00:01]} Kxh6 {[%emt 0:00:01]} 47. Kd6 {[%emt 0:00:02]} Kg6 {[%emt 0:00:00]} 48. Kc7 {[%emt 0:00:00]} Nxd5+ {[%emt 0:00:00]} 49. Kxc8 {[%emt 0:00:00]} Nxe3 {[%emt 0:00:00]} 50. Bc5 {[%emt 0:00:02]} Nd5 {[%emt 0:00:00]} 51. Bd4 {[%emt 0:00:00]} f4 {[%emt 0:00:01]} 52. Bxc4 {[%emt 0:00:00]} Ne7+ {[%emt 0:00:00]} 53. Kd7 {[%emt 0:00:01]} Nf5 {[%emt 0:00:00]} 54. Bxb3 {[%emt 0:00:00]} e3 {[%emt 0:00:00]} 55. Bc2 {[%emt 0:00:01]} Kg5 {[%emt 0:00:00]} 56. Bxe3 {[%emt 0:00:01]} Nxe3 {[%emt 0:00:01]} 57. Be4 {[%emt 0:00:00]} Kg4 {[%emt 0:00:00]} 58. Ke6 {[%emt 0:00:00]} f3 {[%emt 0:00:00]} 59. Bf5+ {[%emt 0:00:00]} Nxf5 {[%emt 0:00:01]} 60. Kd7 {[%emt 0:00:00]} f2 {[%emt 0:00:00]} 61. c4 {[%emt 0:00:00]} f1=Q {[%emt 0:00:00]} 62. c5 {[%emt 0:00:00]} Qd3+ {[%emt 0:00:00] Time Time Time (Lag: Av=0.77s, max=1.1s) (Lag: Av=0.77s, max=1.1s) (Lag: Av=0.77s, max=1.1s)} 0-1